| 000 | 01011nam a2200229 a 4500 | ||
|---|---|---|---|
| 001 | 000530793 | ||
| 003 | AM-YeHGA | ||
| 005 | 20250618072859.0 | ||
| 008 | 070410s1899 gs |||||r|||||||||0|arm|d | ||
| 040 | _aAM-YeHGA | ||
| 041 | 0 | _aarm | |
| 100 | 1 |
_aԱրծրունի, Վահան Մարգարի, _d1857-1947 _92248 |
|
| 245 | 1 | 0 |
_aԽնամատարութիւն առողջ երեխաների : _b(Ծննդեան րոպէից սկսած մինչեւ երեք տարեկան հասակը) / _cԲժ. Վահան Արծրունի ; Թիֆլիսի հայոց հրատ. ընկ. |
| 260 |
_aԹիֆլիս : _bԹիֆլիսի հայոց հրատ. ընկ, _c1899. |
||
| 300 | _a110 էջ, Ա-Դ էջ | ||
| 440 | 0 |
_aԹիֆլիսի հայոց հրատարակչական ընկերութիւն _v160 |
|
| 650 | 1 | 4 | _aԽնամատարություն |
| 650 | 1 | 4 | _aՄանկաբուժություն |
| 710 | 2 | _aԹիֆլիսի հայոց հրատարակչական ընկերություն | |
| 942 |
_2udc _cBK |
||
| 090 | _c198519 | ||
| 999 |
_c197040 _d197040 |
||